1209 1768 1868 1204 1679 1320 1981 1857 1546 1154 1857 1109 1734 1804 1108 1686 1075 1919 1472 1993 1499 1245 1629 1519 1785 1324 1055 1891 1093 1276 1415 1520 1416 1434 1561 1038 1739 1539 1386 1543 1732 1813 1299 1576 1397 1594 1814 1302 1552 1117 1161 1173 1440 1267 1771 1998 1676 1290 1513 1368 1717 1722 1076 1761 1759 1742 1034 1820 1628 1301 1897 1902 1109 1549 1056 1532 1880 1305 1277 1585 1944 1957 1242 1452 1864 1269 1051 1334 1361 1784 1800 1192 1569 1635 1563 1884 1547 1484 1617 BCNSPRNW ULIB Ver.6.0+V

เปลี่ยนเป็นภาษาไทย

Change to English
 แสดงรายละเอียดบรรณานุกรม
  กลับหน้าหลัก

Brief Record : Get Marc (ISO 2709) : E-mail record : QR code < ปิดหน้าต่าง
LEADER : 00000nam 2200000uu 4500
001    13399113686
003     ULIB
008    111215s||||||||th 000 0 tha d
020    ^a9786167017037
090    ^aนว.^bพ626ล 2552
100 0  ^aพาสเวิร์ด
245 00 ^aเล่ห์ลวงบ่วงวิวาห์/^cพาสเวิร์ด
250    ^aพิมพ์ครั้งที่ 1
260    ^aกรุงเทพฯ :^bอักษรศาสตร์,^c2552
300    ^a298 หน้า
710 1  ^aอักษรศาสตร์
945    ^p249^l0^i028091
995    ^aทศพร
999 ^a ทศพร
รายการนี้ยังไม่มีแท็ก
คุณยังไม่ได้ล็อกอิน คุณสามารถมีกิจกรรมร่วมกับเว็บไซต์ได้ แต่ต้องล็อกอินก่อน ::
  ล็อกอิน

รายการสื่อสารสนเทศ

ลำดับที่ ประเภท เลขเรียก/บาร์โค้ด สถานที่ สถานะ
1. นวนิยาย
นวนิยาย
นว. พ626ล 2552 ฉ.1 
  Barcode: 028091
ห้องสมุดวิทยาเขตสวรรค์ประชารักษ์
►นวนิยาย
บนชั้น
  ขอยืม

รายการใกล้เคียง
    ผู้แต่ง [พาสเวิร์ด]

BibComment


ยังไม่เคยถูกคอมเมนท์

คอมเมนท์ทรัพยากรรายการนี้
  คอมเมนท์: เล่ห์ลวงบ่วงวิวา..


 Copyright 2026. Bcnsprnw @Library